• 首页
  • 本馆介绍
  • 公告通知
  • 最新文献
  • 馆藏检索
  • 电子资源
  • 读者导购
  • 参考咨询
  • 我的图书馆
  • 登录
  • 详细信息显示
  • 放入我的书架
  • 预约/预借图书
  • 作者相关作品
  • 分类相关作品
  • 丛书相关作品
  • 出版社相关作品

书目信息

  • 表格格式
  • 工作单格式
  • 卡片格式
题名:
陶行知论乡村教育
    
 
作者: 陶行知, 著 ;徐莹晖 , 徐志辉 编
分册:  
出版信息: 成都   四川教育出版社  2021.05
页数: 206页, [1] 页图版
开本: 25cm
丛书名: 陶行知教育文丛
单 册:
中图分类: G40-092.6 , G725-53
科图分类:
主题词: 乡村教育--xiang cun jiao yu--教育思想--文集
电子资源:
ISBN: 978-7-5408-5315-0
000 01195nam 2200313 450
001 012001003255
005 20140203141003.0
010    @a978-7-5408-5315-0@dCNY42.00
099    @aCAL 012010146567
100    @a20220905d2010 em y0chiy0121 ea
101 0  @achi
102    @aCN@b510000
105    @aaf z 000yy
106    @ar
200 1  @a陶行知论乡村教育@Atao xing zhi lun xiang cun jiao yu@f徐莹晖, 徐志辉编
210    @a成都@c四川教育出版社@d2021.05
215    @a206页, [1] 页图版@c图@d25cm
225 2  @a陶行知教育文丛@Atao xing zhi jiao yu wen cong
330    @a本书收录《师范教育下乡运动》、《中华教育改进社改造全国乡村教育宣言书》、《晓庄学校之使命——给全体同志的信》、《生活工具主义之教育》、《如何教农民出头》等教育论文。
410  0 @12001@a陶行知教育文丛
600  0 @a陶行知,@Atao xing zhi@f1891-1946@x教育思想@j文集
606 0  @a乡村教育@Axiang cun jiao yu@x教育思想@j文集
690    @aG40-092.6@v4
690    @aG725-53@v4
701  0 @a陶行知,@ATao Xingzhi@f1891-1946@4著@3CAL n2004297353#@7jt0yjt0y@7ec0yec0y
702  0 @a徐莹晖@Axu ying hui@4编
702  0 @a徐志辉@Axu zhi hui@4编
801  0 @aCN@bAHXH@c20221111
905    @b1375901-5@dG40-092.6@e1356@f5
    
    陶行知论乡村教育/徐莹晖, 徐志辉编.-成都:四川教育出版社,2021.05
    206页, [1] 页图版:图;25cm.-(陶行知教育文丛)
    
    
    ISBN 978-7-5408-5315-0:CNY42.00
    本书收录《师范教育下乡运动》、《中华教育改进社改造全国乡村教育宣言书》、《晓庄学校之使命——给全体同志的信》、《生活工具主义之教育》、《如何教农民出头》等教育论文。
●
相关链接 在E读中查询图书 在五车中查询图书 在当当中查询图书 在豆瓣中查询图书


正题名:陶行知论乡村教育     索取号:G40-092.6/1356         预约/预借

序号 登录号 条形码 馆藏地/架位号 状态 备注
1 1375901   213759011   第一样本阅览室/ [索取号:G40-092.6/1356] 在馆    
2 1375902   213759020   教育系资料室/ [索取号:G40-092.6/1356] 在馆    
3 1375903   213759039   教育系资料室/ [索取号:G40-092.6/1356] 在馆    
4 1375904   213759048   第四借阅区/ [索取号:G40-092.6/1356] 在馆    
5 1375905   213759057   第四借阅区/ [索取号:G40-092.6/1356] 在馆    
唐山师范学院图书馆 欢迎您!
大连网信软件有限公司© 版权所有